Latin American Integration Association Member States - Statistics

General Stats
  • This quiz has been taken 23 times
  • The average score is 12 of 13
Answer Stats
# Country % Correct
Founder Argentina
100%
Founder Chile
100%
Founder Colombia
100%
2011 Panama
100%
Founder Paraguay
100%
Founder Peru
100%
Founder Uruguay
100%
Founder Venezuela
100%
Founder Bolivia
94%
Founder Brazil
94%
Founder Ecuador
94%
Founder Mexico
88%
1999 Cuba
69%
No matching quizzes found
Score Distribution
Percent of People with Each Score
Percentile by Number Answered
Your Score History
You have not taken this quiz